| 000 | 00521nam a22001697a 4500 | ||
|---|---|---|---|
| 999 |
_c60708 _d60708 |
||
| 005 | 20231011160620.0 | ||
| 008 | 231011s1963 enk||||| |||| 00| 0 geo d | ||
| 041 | _aeng | ||
| 080 | _a902 P-43 | ||
| 100 |
_aPerlzweig, Judith _920061 |
||
| 245 | _aLamps from the Athenian Agora. | ||
| 264 |
_aPrinceton, _c1963. |
||
| 300 |
_a32 p.: _bill.: _c22 cm. |
||
| 440 |
_aAmerican School of Classical Studies at Athens _920062 |
||
| 653 | _aნათურები ათენის აგორიდან | ||
| 942 |
_2udc _cBK |
||